Pilotes de F1 2026 - Statistiques

Statistiques générales
  • Ce quiz a été pris 250 fois
  • Le résultat moyen est 19 sur 22
Statistiques - réponses
Équipe Le pays Pilote % Correct
McLaren Grande-Bretagne 🇬🇧 Norris
98%
Ferrari Grande-Bretagne 🇬🇧 Hamilton
97%
Ferrari Monaco 🇲🇨 Leclerc
97%
Red Bull Des Pays-Bas 🇳🇱 Verstappen
97%
Red Bull France 🇫🇷 Hadjar
95%
McLaren Australie 🇦🇺 Piastri
95%
Mercedes Italie 🇮🇹 Antonelli
92%
Aston Martin Espagne 🇪🇸 Alonso
89%
Alpine France 🇫🇷 Gasly
89%
Haas France 🇫🇷 Ocon
88%
Mercedes Grande-Bretagne 🇬🇧 Russell
88%
Williams Espagne 🇪🇸 Sainz
87%
Williams Thaïlande 🇹🇭 Albon
86%
Aston Martin Canada 🇨🇦 Stroll
83%
Racing Bulls Nouvelle-Zélande 🇳🇿 Lawson
79%
Alpine Argentine 🇦🇷 Colapinto
78%
Cadillac Finlande 🇫🇮 Bottas
77%
Audi Allemagne 🇩🇪 Hulkenberg
77%
Cadillac Mexique 🇲🇽 Perez
77%
Haas Grande-Bretagne 🇬🇧 Bearman
75%
Audi Brésil 🇧🇷 Bortoleto
74%
Racing Bulls Grande-Bretagne 🇫🇷 Lindblad
48%
Aucun quiz correspondant
Distribution des résultats
% des personnes avec chaque résultat
Percentile par nombre de réponses
Votre historique - résultats
Vous n’avez pas pris ce quiz